000 01092nam a22002417a 4500
005 20080625141927.0
008 080625t xxu||||| |||| 00| 0 hin d
010 _aHIN-83636
020 _a8190157140
_c150.00
035 _aHN-55982
037 _bपु.प्र.अ.प्र./प्रका
040 _aDPL
_bHN
082 _aउ / दाससु
100 _aदास, सुनील
245 _aअंधी दौड़ /
_cसुनील दास
246 _aAndhi daud
_bby Sunil Das
260 _aदिल्ली
_bराष्ट्रभाषा प्रकाशन
_c2006
270 _aई-54, प्रथम तल, मानसरोवर पार्क, शाहदरा
_bदिल्ली
_e110032
300 _a120पृ
_c22सेमी(सजिल्द)
650 _aHindi Novels
942 _cHN
_2ddc
_h
_mदासस
999 _c14004
_d14004